| 000 | 00961cam a2200217 4500 | ||
|---|---|---|---|
| 001 | ABS63346 | ||
| 008 | 000000n2001 000 0 eng u | ||
| 035 | _a(Sirsi) u110300 | ||
| 245 | _aSelby D C v Samuel Smith Old Brewery (Tadcaster) Ltd | ||
| 260 | _c2001 | ||
| 490 |
_aEstates Gazette _v(0101) 6 January 2001, 82-89(8) |
||
| 520 | _aCA 26 May 2000. The issue was over entitlement to easements by the vendor, the brewery (Ss), over land sold by the council (S). No actual easement was expressly granted but SS contended that these rights were quasi-easements. It was decided that, under condition 5(3) of the Law Society's general conditions of sale, they were not established easements. Appeal dismissed. | ||
| 590 | _aABS | ||
| 650 | _aSELBY DC V SAMUEL SMITH OLD BREWERY LTD | ||
| 650 | _aEASEMENTS | ||
| 650 | _aVENDORS | ||
| 650 | _aPURCHASERS | ||
| 650 | _aCONDITIONS OF SALE | ||
| 690 | _aPROPERTY AND LAND LAW-CONVEYANCING | ||
| 942 | _n0 | ||
| 999 |
_c65776 _d65776 |
||